Komunitné centrum Hencovce

Bibliographic Details
Main Author: Töröková, Mariana (Author)
Format: Article
Language:Slovak
PhysicalDescription:Fotografie
Subjects:

MARC

LEADER 00000nab a2200000 4500
001 vtls011967960
003 SK-MaSNL
005 20260304221054.0
008 200520|2020 xo f||| || ||00 0|slo
040 |e rda 
041 |a slo 
044 |a xo  |c SK 
072 7 |a 364-1/-7  |x Druhy sociálnej pomoci a služieb  |2 konspekt 
080 |a 364-787  |2 2011 
100 1 |a Töröková, Mariana  |4 aut  |9 1553025 
245 1 0 |a Komunitné centrum Hencovce  |c Mariana Toroková 
300 |b Fotografie 
336 |a text  |b txt  |2 rdacontent 
337 |a bez média  |b n  |2 rdamedia 
338 |a zväzok  |b nc  |2 rdacarrier 
610 2 7 |a Komunitné centrum (Hencovce, Slovensko)  |2 vthk  |9 1553026 
650 0 7 |a Rómovia  |2 vthk  |9 1702 
650 0 7 |a komunitné centrá  |2 vthk  |9 63599 
651 7 |a Hencovce (Slovensko)  |2 vthk  |9 60203 
773 0 |t Hencovský chýrnik  |g Roč.12, č.1 (2019), s.6 
999 |c 3155771  |d 3157701